000 00859nam a2200313 a 4500
003 AR-BaBNM
005 20251128204714.0
008 082120s2002 ||||||||||||||000 | spa||
020 _a950-10-0089-3
040 _cAR-BaBNM
100 1 _aMallea, Eduardo
245 0 0 _aLas águilas
260 _aBuenos Aires
_bHuemul
_c1983
300 _a230 p.
490 0 _aClásicos Huemul
_vv. 116
500 _aContiene referencias bibliográficas en p. 47
500 _aVocabulario en p. 223
650 4 _aLITERATURA ARGENTINA
650 4 _aESCRITORES
650 4 _aLITERATURA CONTEMPORANEA
653 _aNARRATIVA
653 _aNOVELA PSICOLOGICA
655 _aLITERATURA
700 1 _aBarcia, Pedro Luis
_eprologuista
800 1 _aPellegrini, Juan Carlos
_efundador
_edirector
800 1 _aRiba, Elsa
_edirector
942 _cBK
998 _cMARTIN
999 _c8504
_d8504